000 00397nam a2200157Ia 4500
008 230711s9999||||xx |||||||||||||| ||und||
041 _aENG
082 _a4
_bBR-M
100 _aBrey,BB
245 4 _aThe intel microprocessor Architecture programming and interfacing
250 _a6th Ed.
260 _c2005
_aNew Delhi
_bPearson
300 _a776
650 _aComputer Engineering
942 _cBK
999 _c4530
_d4530